[Event "City of Dublin Masters 2019"]
[Site "Dublin IRL"]
[Date "2019.09.08"]
[Round "4.1"]
[White "Moran, Stephen"]
[Black "O'Donnell, Conor"]
[Result "0-1"]
[BlackTitle "FM"]
[WhiteElo "2186"]
[BlackElo "2311"]
[WhiteICU "2174"]
[BlackICU "2308"]
[WhiteClub "T.C.D."]
[BlackClub "Gonzaga"]
[WhiteNationality "IRL"]
[BlackNationality "IRL"]
[WhiteFideId "2501872"]
[BlackFideId "2504243"]
[PlyCount "102"]
[EventDate "2019.09.06"]
[Source "Live boards"]

{ Event information: <a
href="http://www.irlchess.com/cityofdublin2019_allfiles/pairings_cityofdublin209.html">Tournament
report</a>. }

1. d4 f5 2. g3 Nf6 3. Bg2 g6 4. Nf3 Bg7 5. O-O O-O 6. c4 d6 7. Nc3 c6 8.
Qd3 Na6 9. a3 Qc7 10. d5 e5 11. dxe6 Nc5 12. Qc2 Bxe6 13. b3 h6 14. Bb2 a5
15. Nd4 Bf7 16. Rfd1 Rfe8 17. e3 Rad8 18. Rac1 Qb6 19. Ba1 Rd7 20. Rb1 Qc7
21. b4 axb4 22. axb4 Nce4 23. Nxe4 Nxe4 24. b5 cxb5 25. Nxb5 Qxc4 26. Bxe4
fxe4 27. Qxc4 Bxc4 28. Bxg7 Kxg7 29. Rd4 d5 30. Rdd1 Ra8 31. Rb2 Kf6 32.
Nd4 b5 33. Rdb1 Rb7 34. h4 Ke5 35. Kg2 Rb6 36. g4 Rab8 37. Kg3 h5 38. f4+
exf3 39. Nxf3+ Ke4 40. Rd2 hxg4 41. Kxg4 Rf8 42. Re1 Rxf3 43. Rd4+ Ke5 44.
Kxf3 b4 45. Rd2 b3 46. Rg1 Rf6+ 47. Kg4 Ke4 48. Rg3 Bd3 49. Rb2 Bc2 50. Kg5
Ra6 51. Rg2 Kd3 0-1

[Event "City of Dublin Masters 2019"]
[Site "Dublin IRL"]
[Date "2019.09.08"]
[Round "4.2"]
[White "Daly, Colm"]
[Black "Kanyamarala, Tarun"]
[Result "0-1"]
[WhiteTitle "FM"]
[WhiteElo "2213"]
[BlackElo "2142"]
[WhiteICU "2212"]
[BlackICU "2160"]
[WhiteClub "Bray"]
[WhiteNationality "IRL"]
[BlackNationality "IRL"]
[WhiteFideId "2500434"]
[BlackFideId "45004714"]
[PlyCount "122"]
[EventDate "2019.09.06"]
[Source "Live boards"]

{ Event information: <a
href="http://www.irlchess.com/cityofdublin2019_allfiles/pairings_cityofdublin209.html">Tournament
report</a>. }

1. Nf3 d5 2. c4 d4 3. e4 Nc6 4. d3 e5 5. Be2 Bb4+ 6. Nbd2 a5 7. a3 Bd6 8.
b3 Nf6 9. Nf1 O-O 10. Ng3 Rb8 11. h4 b5 12. h5 Ne7 13. Bg5 Nd7 14. Nh4 bxc4
15. bxc4 Nc5 16. Nhf5 f6 17. Bd2 Nb3 18. Ra2 Bd7 19. Bg4 Kf7 20. Bh3 Nxd2
21. Kxd2 Rh8 22. Qg4 Nxf5 23. Nxf5 Bf8 24. Nh6+ Ke8 25. Qxd7+ Qxd7 26.
Bxd7+ Kxd7 27. Nf5 Rb3 28. Rh3 Ke6 29. Ke2 a4 30. Rh1 Kf7 31. f4 Rg8 32.
fxe5 fxe5 33. Rf1 Ke6 34. Rfa1 g6 35. hxg6 Rxg6 36. g3 Kf7 37. Rh1 Kg8 38.
Rc1 Rgb6 39. c5 Rb2+ 40. Kf3 Rxa2 41. cxb6 cxb6 42. Rc7 Rxa3 43. Kg4 Rc3
44. Ra7 a3 45. Kg5 Rc6 46. Ra8 Rg6+ 47. Kh5 Re6 48. Ra6 Bc5 49. Ra8+ Kf7
50. Ra7+ Kf8 51. Rxh7 b5 52. Rh8+ Kf7 53. g4 b4 54. g5 a2 55. Ra8 b3 56.
Nh6+ Ke7 57. g6 Rxg6 58. Kxg6 b2 59. Nf5+ Kd7 60. Rxa2 b1=Q 61. Ra5 Qb6+
0-1

[Event "City of Dublin Masters 2019"]
[Site "Dublin IRL"]
[Date "2019.09.08"]
[Round "4.3"]
[White "Kanyamarala, Trisha"]
[Black "Haque, Muhtarim-Ul"]
[Result "1-0"]
[WhiteElo "2238"]
[BlackElo "2036"]
[WhiteICU "2123"]
[BlackICU "2077"]
[BlackClub "Rathmines Juniors"]
[WhiteNationality "IRL"]
[BlackNationality "IRL"]
[WhiteFideId "45004722"]
[BlackFideId "2509415"]
[PlyCount "45"]
[EventDate "2019.09.06"]
[Source "Live boards"]

{ Event information: <a
href="http://www.irlchess.com/cityofdublin2019_allfiles/pairings_cityofdublin209.html">Tournament
report</a>. }

1. d4 d5 2. c4 c6 3. cxd5 cxd5 4. Nc3 Nf6 5. Bf4 a6 6. Nf3 Nc6 7. e3 Bg4 8.
Be2 e6 9. O-O Nh5 10. Bg5 Qb8 11. h3 Bxf3 12. Bxf3 h6 13. Bh4 Nf6 14. Bxf6
gxf6 15. e4 dxe4 16. Nxe4 Qf4 17. Qa4 O-O-O 18. Rac1 Kb8 19. Rxc6 bxc6 20.
Nc5 Rxd4 21. Qxc6 Rb4 22. Nd7+ Ka7 23. Qa8# 1-0

[Event "City of Dublin Masters 2019"]
[Site "Dublin IRL"]
[Date "2019.09.08"]
[Round "4.4"]
[White "Waters, Michael"]
[Black "Flynn, Jacob"]
[Result "0-1"]
[WhiteElo "2135"]
[BlackElo "1973"]
[WhiteICU "2083"]
[BlackICU "2038"]
[WhiteClub "Bray"]
[BlackClub "Malahide"]
[WhiteNationality "IRL"]
[BlackNationality "IRL"]
[WhiteFideId "2500523"]
[BlackFideId "2509393"]
[PlyCount "62"]
[EventDate "2019.09.06"]
[Source "Live boards"]

{ Event information: <a
href="http://www.irlchess.com/cityofdublin2019_allfiles/pairings_cityofdublin209.html">Tournament
report</a>. }

1. b3 d5 2. Bb2 Bg4 3. c4 e6 4. g3 Nf6 5. Bg2 c6 6. Nf3 Nbd7 7. O-O Bd6 8.
d4 O-O 9. Nbd2 Qe7 10. Ne5 Bh5 11. Rc1 Rfd8 12. h3 Rac8 13. c5 Bb8 14. f4
Bg6 15. b4 Be4 16. Bf3 Bxf3 17. exf3 Nh5 18. Qe1 Kh8 19. Nb3 f6 20. Nd3 g5
21. f5 Bxg3 22. Qxe6 Re8 23. Qxe7 Rxe7 24. Na5 Re2 25. Kh1 Rce8 26. Bc3
Rh2+ 27. Kg1 Ree2 28. Rfd1 Reg2+ 29. Kf1 Bf4 30. Be1 Be3 31. Nf2 Ng3# 0-1

[Event "City of Dublin Masters 2019"]
[Site "Dublin IRL"]
[Date "2019.09.08"]
[Round "4.5"]
[White "Freeman, Gordon"]
[Black "Peoples, Jonathon"]
[Result "1-0"]
[WhiteElo "2113"]
[BlackElo "1931"]
[WhiteICU "2083"]
[BlackICU "1834"]
[WhiteClub "Gonzaga"]
[BlackClub "U.C.D."]
[WhiteNationality "IRL"]
[BlackNationality "IRL"]
[WhiteFideId "2501309"]
[BlackFideId "2509520"]
[PlyCount "59"]
[EventDate "2019.09.06"]
[Source "Live boards"]

{ Event information: <a
href="http://www.irlchess.com/cityofdublin2019_allfiles/pairings_cityofdublin209.html">Tournament
report</a>. }

1. d4 Nf6 2. Nf3 g6 3. Bg5 Bg7 4. Nbd2 d5 5. e3 O-O 6. Bd3 c5 7. c3 Nc6 8.
O-O Bf5 9. Bxf5 gxf5 10. Ne5 Nxe5 11. dxe5 Ng4 12. Nf3 Nxe5 13. Nxe5 Bxe5
14. Qh5 Qd6 15. Bh6 Rfe8 16. f4 Bg7 17. Bxg7 Kxg7 18. Qxf5 Qe6 19. Qxe6
fxe6 20. Rad1 Rad8 21. Rf3 Rf8 22. Rg3+ Kf6 23. Rh3 Rf7 24. Rh6+ Kf5 25. h3
Rd6 26. Kf2 d4 27. cxd4 cxd4 28. g4+ Ke4 29. Rxe6+ Rxe6 30. Rxd4# 1-0

[Event "City of Dublin Masters 2019"]
[Site "Dublin IRL"]
[Date "2019.09.08"]
[Round "4.6"]
[White "Fox, Anthony"]
[Black "Carroll, Peter"]
[Result "0-1"]
[WhiteElo "2020"]
[BlackElo "2062"]
[WhiteICU "1992"]
[BlackICU "2106"]
[WhiteClub "Dun Laoghaire"]
[BlackClub "Gonzaga"]
[WhiteNationality "IRL"]
[BlackNationality "IRL"]
[WhiteFideId "2500736"]
[BlackFideId "2510243"]
[PlyCount "88"]
[EventDate "2019.09.06"]
[Source "Live boards"]

{ Event information: <a
href="http://www.irlchess.com/cityofdublin2019_allfiles/pairings_cityofdublin209.html">Tournament
report</a>. }

1. e4 c5 2. c4 Nc6 3. Nc3 g6 4. g3 Bg7 5. Bg2 d6 6. Nge2 a6 7. O-O Rb8 8.
a4 e6 9. d3 Nge7 10. Rb1 Nb4 11. Be3 O-O 12. d4 Qc7 13. b3 Bd7 14. Qd2 Rfd8
15. Bg5 Re8 16. Rfd1 Bc6 17. d5 exd5 18. cxd5 Bd7 19. Bh6 Bh8 20. Rdc1 b5
21. Nxb5 axb5 22. Qxb4 bxa4 23. Qd2 axb3 24. Nc3 Qb6 25. Nd1 Ra8 26. Ne3 b2
27. Re1 Qb3 28. Bf1 Bc3 29. Qd1 Qxd1 30. Rexd1 Ra1 31. Bd3 Rea8 32. Kg2 Ba4
33. Rg1 Bb3 34. Nd1 Rxb1 35. Bxb1 Bh8 36. Bd2 Ra1 37. Nc3 Nc8 38. Kf3 Nb6
39. Ke3 Nc4+ 40. Ke2 Na3 41. Re1 Bc4+ 42. Ke3 Bd4+ 43. Kf3 Bxc3 44. Bxc3
Nxb1 0-1

[Event "City of Dublin Masters 2019"]
[Site "Dublin IRL"]
[Date "2019.09.08"]
[Round "5.1"]
[White "Kanyamarala, Tarun"]
[Black "O'Donnell, Conor"]
[Result "0-1"]
[BlackTitle "FM"]
[WhiteElo "2142"]
[BlackElo "2311"]
[WhiteICU "2160"]
[BlackICU "2308"]
[BlackClub "Gonzaga"]
[WhiteNationality "IRL"]
[BlackNationality "IRL"]
[WhiteFideId "45004714"]
[BlackFideId "2504243"]
[PlyCount "114"]
[EventDate "2019.09.06"]
[Source "Live boards"]

{ Event information: <a
href="http://www.irlchess.com/cityofdublin2019_allfiles/pairings_cityofdublin209.html">Tournament
report</a>. }

1. d4 d5 2. c4 e6 3. Nc3 Nf6 4. cxd5 Nxd5 5. e4 Nxc3 6. bxc3 c5 7. Nf3 cxd4
8. cxd4 Bb4+ 9. Bd2 Bxd2+ 10. Qxd2 O-O 11. Bc4 Nd7 12. O-O b6 13. d5 Nc5
14. Rfe1 exd5 15. exd5 Qd6 16. Nd4 a6 17. Rab1 b5 18. Be2 Bb7 19. Bf3 Rfe8
20. Qg5 Qg6 21. Qxg6 hxg6 22. Nc6 Kf8 23. Rec1 Nd3 24. Rc3 Ne5 25. Nxe5
Rxe5 26. Rd1 Rd8 27. h3 Rd7 28. Rc5 Ke8 29. Kh2 Kd8 30. Rd4 Re8 31. a4 Rc7
32. Rxc7 Kxc7 33. d6+ Kb6 34. Bxb7 Kxb7 35. axb5 axb5 36. Kg3 Kc6 37. Kf4
f6 38. Rd3 Rd8 39. Rg3 g5+ 40. Kf5 Rxd6 41. Kg6 Rd7 42. Rc3+ Kb6 43. g3 b4
44. Rc8 Rb7 45. h4 gxh4 46. gxh4 b3 47. Rc1 b2 48. Rb1 Kc5 49. f4 Kd4 50.
h5 Kc3 51. h6 gxh6 52. Kxf6 Kc2 53. Rh1 b1=Q 54. Rxb1 Rxb1 55. Kg6 Rf1 56.
f5 h5 57. f6 h4 0-1

[Event "City of Dublin Masters 2019"]
[Site "Dublin IRL"]
[Date "2019.09.08"]
[Round "5.2"]
[White "Flynn, Jacob"]
[Black "Daly, Colm"]
[Result "1/2-1/2"]
[BlackTitle "FM"]
[WhiteElo "1973"]
[BlackElo "2213"]
[WhiteICU "2038"]
[BlackICU "2212"]
[WhiteClub "Malahide"]
[BlackClub "Bray"]
[WhiteNationality "IRL"]
[BlackNationality "IRL"]
[WhiteFideId "2509393"]
[BlackFideId "2500434"]
[PlyCount "168"]
[EventDate "2019.09.06"]
[Source "Live boards"]

{ Event information: <a
href="http://www.irlchess.com/cityofdublin2019_allfiles/pairings_cityofdublin209.html">Tournament
report</a>. }

1. Nf3 d6 2. d4 Nf6 3. Bg5 Nbd7 4. Nc3 e5 5. e4 Be7 6. Bc4 O-O 7. O-O c6 8.
a4 a5 9. Re1 Re8 10. Qd2 Qc7 11. Bh4 h6 12. h3 Nf8 13. Bg3 Ng6 14. Rad1 Bf8
15. Bh2 Nh5 16. Ne2 Nf6 17. Nc3 Qb6 18. Bb3 Qb4 19. Re3 Qb6 20. Rde1 Bd7
21. Rd3 Qc7 22. Kh1 Rad8 23. Qd1 Be7 24. Qb1 Bc8 25. Qa2 Rf8 26. Nb1 Rde8
27. c3 Nh5 28. Nbd2 Nhf4 29. Rde3 Bf6 30. Nf1 Rd8 31. Rd1 Rfe8 32. Ng3 Nf8
33. Ne2 N4g6 34. Ne1 Ne6 35. Nf3 Ng5 36. Ng3 Rf8 37. Nh5 Be7 38. Rf1 Kh7
39. Nxg5+ Bxg5 40. Rf3 f6 41. Be6 Qe7 42. Bxc8 Rxc8 43. Ng3 Nh4 44. Rd3 Bf4
45. Re1 Bxg3 46. Bxg3 Ng6 47. Qb3 Rfe8 48. Qb6 Qc7 49. Qxc7 Rxc7 50. dxe5
dxe5 51. Red1 Nf8 52. f3 Ree7 53. Bf2 Nd7 54. Be3 Kg8 55. Kg1 Kf7 56. Kf2
Ke8 57. h4 Rc8 58. g4 g5 59. Rh1 Re6 60. Rhd1 Rc7 61. Rh1 b6 62. Kg3 Rb7
63. c4 Nf8 64. hxg5 hxg5 65. Rb3 Nd7 66. Rh7 Re7 67. Rh8+ Kf7 68. Ra8 c5
69. Rxa5 Ke6 70. Rab5 Ra7 71. Ra3 Re8 72. a5 Rb8 73. axb6 Rxa3 74. bxa3 Kd6
75. Kf2 Kc6 76. Ke2 Rxb6 77. a4 Ra6 78. a5 Ra8 79. Bf2 Rh8 80. Kf1 Rh1+ 81.
Bg1 Rh8 82. Bf2 Rh1+ 83. Bg1 Rh3 84. Ke2 Rh8 1/2-1/2

[Event "City of Dublin Masters 2019"]
[Site "Dublin IRL"]
[Date "2019.09.08"]
[Round "5.3"]
[White "Carroll, Peter"]
[Black "Kanyamarala, Trisha"]
[Result "0-1"]
[WhiteElo "2062"]
[BlackElo "2238"]
[WhiteICU "2106"]
[BlackICU "2123"]
[WhiteClub "Gonzaga"]
[WhiteNationality "IRL"]
[BlackNationality "IRL"]
[WhiteFideId "2510243"]
[BlackFideId "45004722"]
[PlyCount "69"]
[EventDate "2019.09.06"]
[Source "Live boards"]

{ Event information: <a
href="http://www.irlchess.com/cityofdublin2019_allfiles/pairings_cityofdublin209.html">Tournament
report</a>. }

1. e4 c5 2. Ne2 d6 3. g3 Nf6 4. Bg2 g6 5. O-O Bg7 6. c3 O-O 7. d4 cxd4 8.
cxd4 Nc6 9. Nbc3 Bd7 10. h3 a6 11. f4 Ne8 12. Be3 Rc8 13. Qd2 Na5 14. b3 b5
15. Nd5 Nc6 16. Rac1 e6 17. Ndc3 Ne7 18. d5 b4 19. Na4 Bxa4 20. bxa4 exd5
21. exd5 Rxc1 22. Rxc1 Qa5 23. a3 Qxa4 24. axb4 Nf6 25. Rc7 Re8 26. Rb7 Qb3
27. Nd4 Qb1+ 28. Kh2 Ne4 29. Qc2 Qxc2 30. Nxc2 Nxd5 31. Ra7 Nxe3 32. Nxe3
Bd4 33. Nd5 Bxa7 34. Bxe4 Kg7 35. Bg2 0-1

[Event "City of Dublin Masters 2019"]
[Site "Dublin IRL"]
[Date "2019.09.08"]
[Round "5.4"]
[White "Peoples, Jonathon"]
[Black "Brady, Stephen"]
[Result "0-1"]
[BlackTitle "FM"]
[WhiteElo "1931"]
[BlackElo "2282"]
[WhiteICU "1834"]
[BlackICU "2281"]
[WhiteClub "U.C.D."]
[BlackClub "St. Benildus"]
[WhiteNationality "IRL"]
[BlackNationality "IRL"]
[WhiteFideId "2509520"]
[BlackFideId "2500124"]
[PlyCount "48"]
[EventDate "2019.09.06"]
[Source "Live boards"]

{ Event information: <a
href="http://www.irlchess.com/cityofdublin2019_allfiles/pairings_cityofdublin209.html">Tournament
report</a>. }

1. e4 d6 2. d4 Nf6 3. Nc3 g6 4. Be3 c6 5. a4 Bg7 6. h3 O-O 7. g4 e5 8. Nge2
d5 9. dxe5 Nxe4 10. Nxe4 dxe4 11. Bd4 Qc7 12. Bc5 Rd8 13. Bd6 Qb6 14. Qc1
Rxd6 15. a5 Qb5 16. exd6 Bxb2 17. Rb1 Bxc1 18. Rxb5 cxb5 19. Nxc1 a6 20.
Nb3 Be6 21. Nc5 Nd7 22. Nxe4 Bd5 23. Bg2 Bxe4 24. Bxe4 Re8 0-1

[Event "City of Dublin Masters 2019"]
[Site "Dublin IRL"]
[Date "2019.09.08"]
[Round "5.5"]
[White "Haque, Muhtarim-Ul"]
[Black "Waters, Michael"]
[Result "1-0"]
[WhiteElo "2036"]
[BlackElo "2135"]
[WhiteICU "2077"]
[BlackICU "2083"]
[WhiteClub "Rathmines Juniors"]
[BlackClub "Bray"]
[WhiteNationality "IRL"]
[BlackNationality "IRL"]
[WhiteFideId "2509415"]
[BlackFideId "2500523"]
[PlyCount "99"]
[EventDate "2019.09.06"]
[Source "Live boards"]

{ Event information: <a
href="http://www.irlchess.com/cityofdublin2019_allfiles/pairings_cityofdublin209.html">Tournament
report</a>. }

1. d4 d5 2. c4 c6 3. cxd5 cxd5 4. Nc3 Nf6 5. Bf4 Nc6 6. e3 e6 7. Nf3 Bb4 8.
Bd3 Qa5 9. Qb3 O-O 10. O-O a6 11. Rac1 Bd7 12. a3 Bxc3 13. Rxc3 b5 14. Qc2
Rfc8 15. Bg5 h6 16. Bxf6 gxf6 17. e4 b4 18. Rc5 Qb6 19. Rc1 Ne7 20. Qd2
bxa3 21. bxa3 Kg7 22. h3 Rxc5 23. dxc5 Qc7 24. exd5 Nxd5 25. Rc4 f5 26.
Bxf5 exf5 27. Qxd5 Be6 28. Qd4+ Kh7 29. Rc3 Rd8 30. Qe5 Rd1+ 31. Kh2 Qa5
32. c6 Rd5 33. Qe3 Qc7+ 34. g3 Rd8 35. Nd4 Bc8 36. Ne2 Rd6 37. Qf3 Rd2 38.
Nf4 Qb6 39. Kg2 Qb2 40. Re3 Rc2 41. Nd5 Be6 42. Nc7 Bc8 43. Re8 Qb8 44.
Nxa6 Qa8 45. Nb4 Rc5 46. Kh2 Ra5 47. Qc3 Qa7 48. Rh8+ Kg6 49. Rg8+ Kh5 50.
Qf3# 1-0

[Event "City of Dublin Masters 2019"]
[Site "Dublin IRL"]
[Date "2019.09.08"]
[Round "5.6"]
[White "Cafolla, Peter"]
[Black "Fox, Anthony"]
[Result "1/2-1/2"]
[WhiteElo "1975"]
[BlackElo "2020"]
[WhiteICU "1894"]
[BlackICU "1992"]
[WhiteClub "Rathmines"]
[BlackClub "Dun Laoghaire"]
[WhiteNationality "IRL"]
[BlackNationality "IRL"]
[WhiteFideId "2500884"]
[BlackFideId "2500736"]
[PlyCount "55"]
[EventDate "2019.09.06"]
[Source "Live boards"]

{ Event information: <a
href="http://www.irlchess.com/cityofdublin2019_allfiles/pairings_cityofdublin209.html">Tournament
report</a>. }

1. e4 e5 2. Nc3 Nf6 3. Bc4 Nc6 4. d3 Bb4 5. Ne2 d5 6. exd5 Nxd5 7. a3 Nxc3
8. Nxc3 Bxc3+ 9. bxc3 O-O 10. O-O Qf6 11. Rb1 Re8 12. Be3 Na5 13. Bd5 c6
14. Ba2 Be6 15. Bxe6 Qxe6 16. f4 exf4 17. Bxf4 b6 18. c4 c5 19. Re1 Qd7 20.
Qd2 f6 21. Qc3 Nc6 22. Bg3 Qd4+ 23. Qxd4 Nxd4 24. Rb2 Ne2+ 25. Kf2 Nxg3 26.
Rxe8+ Rxe8 27. Kxg3 Kf7 28. a4 1/2-1/2